|
|
|
|
| LEADER |
00000nam a2200000 a 4500 |
| 001 |
vtls001325016 |
| 003 |
SK-MaSNL |
| 005 |
20260301235548.0 |
| 008 |
251124s1994 YU 0 scc |
| 020 |
|
|
|a 8670251892
|c [80,00]
|
| 035 |
|
|
|a SNK000277760
|
| 040 |
|
|
|a SNK
|b slo
|c SNK
|e AACR2
|
| 044 |
|
|
|a YU
|
| 080 |
|
|
|a 338.2(497.1)"199"
|2 1981
|
| 245 |
1 |
|
|a Privreda Jugoslavije u uslovima blokade
|b zbornik radova sa okruglog stola održanog 26. maja 1993. godine. : rednik Kosta Mihailović
|
| 260 |
|
|
|a Beograd
|b Srpska akademija nauka i umetnosti
|c 1994
|
| 300 |
|
|
|a 126 s.
|c 24 cm
|
| 490 |
1 |
|
|a Naučni skupovi. Odeljenje društvenich nauka
|x 0354-4850
|v 14
|
| 500 |
|
|
|a Súbež. tit. strana angl.
|
| 500 |
|
|
|a Edícia má zväzok 74
|
| 650 |
0 |
7 |
|a ekonomika juhoslovanská
|x blokáda
|y stor. 20. (r. 90.)
|x zborníky
|2 SNK
|9 632972
|
| 700 |
1 |
|
|a Mihailović, Kosta
|4 upr
|9 440785
|
| 919 |
|
|
|a 86-7025-189-2
|
| 999 |
|
|
|c 975621
|d 977551
|
| 952 |
|
|
|t P60, <04>, [BOOK], {604}
|a SNK
|b SNK
|y VYP
|7 0
|p 17A0128591
|o snkIC 127103
|i snkV 234/98
|0 0
|1 0
|4 0
|d 1998-03-18
|l 0
|r 2005-01-02 00:00:00
|w 2026-02-24
|